00487 2200193 4500001002100000005001500021008004100036020002200077035001900099041000700118082000800125090001600133100001900149245004500168260002500213300002800238500001000266650001700276INLIS00000000000449220241224112925241224||||||||| | ||| |||| || |  a978-979-29-4667-3 0010-1224004492 aid0 a636 a636.2 RAH W0 aRahmat Rukmana00aWIRAUSAHA PENGGEMUKAN TERNAK SAPI POTONG bLILY PUBLISHERc2015 ax, 230 HAL,; IL.; 23 CM aCET 1 0aIlmu Terapan